[Event "Gideon Japhet ACP Open 2018"]
[Site "Jerusalem"]
[Date "2018.07.02"]
[Round "2"]
[White "Oratovsky, Michael"]
[Black "Friedland, Moshe"]
[Result "1-0"]
[WhiteElo "2461"]
[BlackElo "2286"]
[Annotator "TA"]
[PlyCount "119"]
[EventDate "2018.07.01"]
[EventType "swiss"]
[EventCountry "ISR"]
[SourceTitle "playchess.com"]
[Source "ChessBase"]
[SourceQuality "1"]

{[%evp 20,119,14,13,14,0,18,0,0,-7,10,-10,-12,-12,-6,-4,7,0,15,17,26,25,19,0,0,0,0,0,0,-109,-106,-109,-99,-106,-98,-98,-102,-108,-106,-118,-118,-108,-102,-121,-87,-97,-33,-38,-32,-25,0,0,0,0,0,0,34,22,81,0,209,206,189,188,181,181,312,276,270,281,276,265,326,348,317,331,341,218,479,448,1147,1080,836,944,1461,1392,29975,29974,6107,502,29982,29981,29984,29979,29984,29985,29985,29986,29987,29987,29987,29988]} 1. e4 c5 2. Nf3 d6 3. Bb5+ Bd7 4. Bxd7+ Nxd7 5. O-O Ngf6 6. Qe2 Rc8 7. c3 {B52: Sizilianisch (Rossolimo-Variante)} e6 8. d4 cxd4 9. cxd4 d5 10. e5 Ng8 (10... Ne4 11. Be3 Nb6 12. Ne1 f5 13. f3 Ng5 14. b3 Nf7 {½-½ (30) Mamedov,R (2680)-Ivanchuk,V (2729) Kocaeli 2017}) 11. Nc3 {LiveBook: 4 Partien} a6 12. Ng5 Be7 13. Qg4 $146 {und nun wäre Sxe6! stark für Weiss.} ({Vorgänger:} 13. h4 h6 14. Nxe6 fxe6 {1-0 (41) Xiong,J (2437)-Shen,A (2331) Saint Louis 2014}) 13... h5 14. Qg3 Nf8 15. h4 Nh6 16. Qd3 Nf5 17. g3 Nh7 {[%cal Rh7g5]} 18. Nf3 g5 19. hxg5 Bxg5 20. Ne2 Rg8 21. Kh1 Be7 22. Rg1 Ng5 23. Bxg5 Bxg5 24. g4 (24. Rg2 $11 {hält das Gleichgewicht.}) 24... hxg4 $17 25. Rxg4 Kd7 {[%cal Be8d7,Bd7c7,Bc7b8][%mdl 32]} 26. Rag1 {[%cal Rg4g5]} Rh8+ 27. Kg2 Be7 28. Qb3 Kc7 29. Rc1+ Kb8 30. Rxc8+ Qxc8 31. Qc3 Qd7 32. Ng3 Nh4+ ({Günstiger ist} 32... Bd8 $17 33. Nxf5 exf5) 33. Nxh4 $15 Bxh4 34. Rg7 Qe7 {Schwarz will ...Df8 spielen.} 35. Qf3 Bxg3 36. fxg3 $11 {[%mdl 4096] Endspiel KDT-KDT} Qb4 37. Qf2 Rf8 (37... Ka7 {feels hotter.} 38. Rxf7 Rc8 39. b3 Qc3 40. Rh7 Qc1) 38. g4 Qc4 (38... Qe7 $11) 39. b3 (39. Rxf7 $16 Rxf7 40. Qxf7) 39... Qd3 $2 (39... Qc8 $11) 40. Rxf7 $18 Rxf7 41. Qxf7 {KD-KD} Qe4+ 42. Qf3 {[#] Und weiter mit Dxe4 wäre nett.} Qxd4 (42... Qe1 $142 43. Qf6 (43. Qf8+ Ka7 $16) 43... Qe4+ 44. Kg3 Ka7 45. Qxe6 Qxd4) 43. Qf8+ Kc7 44. Qd6+ Kc8 45. Qxe6+ Kb8 {[#]} 46. Qf5 $1 Qd2+ 47. Qf2 Qd3 48. Qe1 Qg6 $2 (48... Kc7 49. e6 Qd4) 49. Kg3 Qd3+ (49... Qe6 $142 50. Qc3 b5) 50. Kf4 Qd4+ 51. Kf5 Kc8 52. e6 {[%cal Be5e6,Be6e7][%mdl 32]} Kd8 53. Qe5 Qd3+ 54. Kg5 (54. Kf6 $142 {[%cal Re5b8]} Qf3+ 55. Qf5 Qc3+ 56. Kf7 Qc7+ 57. Kg8) 54... d4 (54... Ke7 $18 55. Qf6+ Kd6 56. e7+ Kd7) 55. Qd5+ {Weiß setzt Matt.} Kc8 56. Qd7+ Kb8 57. e7 Qe3+ 58. Kh5 Qh3+ 59. Kg6 Qd3+ 60. Kg7 {Precision: Weiß = 68%, Schwarz = 40%.} 1-0

[Event "Gideon Japhet ACP Open 2018"]
[Site "Jerusalem"]
[Date "2018.07.02"]
[Round "2"]
[White "Ushenina, Anna"]
[Black "Axelrod, Arie"]
[Result "1-0"]
[WhiteElo "2447"]
[BlackElo "2269"]
[Annotator "ChessBase"]
[PlyCount "73"]
[EventDate "2018.07.01"]
[EventType "swiss"]
[EventCountry "ISR"]
[SourceTitle "playchess.com"]
[Source "ChessBase"]
[SourceQuality "1"]
[TimeControl "40/5400+30:1800+30"]

1. Nf3 {[%emt 0:01:05]} Nf6 {[%emt 0:00:00]} 2. c4 {[%emt 0:00:26]} g6 {[%emt 0:00:00]} 3. d4 {[%emt 0:00:40]} Bg7 {[%emt 0:00:00]} 4. Nc3 {[%emt 0:00:06]} O-O {[%emt 0:00:11]} 5. e4 {[%emt 0:00:05]} c6 {[%emt 0:01:26]} 6. e5 {[%emt 0:03:28]} Ne8 {[%emt 0:00:23]} 7. Bf4 {[%emt 0:08:15]} d5 {[%emt 0:00:50]} 8. h4 {[%emt 0:09:45]} h5 {[%emt 0:01:14]} 9. Qd2 {[%emt 0:12:05]} Nc7 {[%emt 0:06:27]} 10. b3 {[%emt 0:07:29]} Bg4 {[%emt 0:08:09]} 11. Nh2 {[%emt 0:00:54]} Be6 {[%emt 0:00:35]} 12. Rd1 {[%emt 0:06:22]} Nd7 {[%emt 0:01:49]} 13. c5 {[%emt 0:05:45]} b6 {[%emt 0:01:35]} 14. b4 {[%emt 0:00:35]} a5 {[%emt 0:01:24]} 15. a3 {[%emt 0:00:05]} Qb8 {[%emt 0:02:37]} 16. Be2 {[%emt 0:05:32]} axb4 {[%emt 0:06:38]} 17. axb4 {[%emt 0:00:02]} Ra3 {[%emt 0:01:19]} 18. g4 {[%emt 0:01:13]} bxc5 {[%emt 0:01:32]} 19. bxc5 {[%emt 0:00:13]} Qb4 {[%emt 0:03:56]} 20. Rc1 {[%emt 0:01:49]} hxg4 {[%emt 0:03:30]} 21. Nxg4 {[%emt 0:00:38]} Bxg4 {[%emt 0:07:24]} 22. Bxg4 {[%emt 0:00:09]} Ne6 {[%emt 0:00:25]} 23. Bxe6 {[%emt 0:01:59]} fxe6 {[%emt 0:00:50]} 24. Nb1 {[%emt 0:11:35]} Rb3 {[%emt 0:13:36]} 25. Qxb4 {[%emt 0:01:08]} Rxb4 {[%emt 0:00:02]} 26. Be3 {[%emt 0:00:07]} Rf5 {[%emt 0:02:04]} 27. Ke2 {[%emt 0:02:26]} Rb2+ {[%emt 0:19:23]} 28. Nd2 {[%emt 0:00:44]} Rf8 {[%emt 0:11:37]} 29. Ra1 {[%emt 0:04:06]} Rfb8 {[%emt 0:00:39]} 30. Ra6 {[%emt 0:00:24]} Rc2 {[%emt 0:04:54]} 31. Rxc6 {[%emt 0:00:14]} Rbb2 {[%emt 0:00:21]} 32. Rc7 {[%emt 0:01:30]} Nb8 {[%emt 0:00:23]} 33. Ra1 {[%emt 0:00:32]} Kf7 {[%emt 0:00:38]} 34. Kd3 {[%emt 0:01:40]} Bf8 {[%emt 0:00:27]} 35. Ra8 {[%emt 0:01:33]} Rc1 {[%emt 0:00:40]} 36. Rc8 {[%emt 0:00:55]} Nd7 {[%emt 0:00:29]} 37. c6 {[%emt 0:01:37]} 1-0

[Event "Gideon Japhet ACP Open 2018"]
[Site "Jerusalem"]
[Date "2018.07.02"]
[Round "2"]
[White "Gruenfeld, Yehuda"]
[Black "Bronfman, Shmuel"]
[Result "1-0"]
[WhiteElo "2419"]
[BlackElo "2108"]
[Annotator "ChessBase"]
[PlyCount "69"]
[EventDate "2018.07.01"]
[EventType "swiss"]
[EventCountry "ISR"]
[SourceTitle "playchess.com"]
[Source "ChessBase"]
[SourceQuality "1"]
[TimeControl "40/5400+30:1800+30"]

1. e4 {[%emt 0:00:00]} c5 {[%emt 0:00:00]} 2. Nf3 {[%emt 0:00:00]} e6 {[%emt 0:00:00]} 3. Nc3 {[%emt 0:00:17]} Nc6 {[%emt 0:00:48]} 4. d4 {[%emt 0:00:44]} cxd4 {[%emt 0:00:07]} 5. Nxd4 {[%emt 0:00:05]} Qc7 {[%emt 0:00:12]} 6. g3 {[%emt 0:00:38]} a6 {[%emt 0:01:53]} 7. Bg2 {[%emt 0:00:06]} Nf6 {[%emt 0:00:52]} 8. O-O {[%emt 0:00:05]} Nxd4 {[%emt 0:06:39]} 9. Qxd4 {[%emt 0:00:12]} Bc5 {[%emt 0:00:08]} 10. Bf4 {[%emt 0:00:56]} d6 {[%emt 0:04:03]} 11. Qd2 {[%emt 0:00:55]} e5 {[%emt 0:06:27]} 12. Be3 {[%emt 0:01:06]} Bb4 {[%emt 0:04:48]} 13. Nb5 {[%emt 0:04:37]} axb5 {[%emt 0:05:12]} 14. Qxb4 {[%emt 0:00:10]} O-O {[%emt 0:01:20]} 15. Qxb5 {[%emt 0:00:44]} Qxc2 {[%emt 0:04:20]} 16. Rfc1 {[%emt 0:01:44]} Qa4 {[%emt 0:00:21]} 17. Qxa4 {[%emt 0:03:02]} Rxa4 {[%emt 0:00:30]} 18. b3 {[%emt 0:00:02]} Ra5 {[%emt 0:05:21]} 19. a4 {[%emt 0:01:29]} Bd7 {[%emt 0:03:28]} 20. Bb6 {[%emt 0:01:20]} Ra6 {[%emt 0:00:53]} 21. a5 {[%emt 0:00:04]} Bc6 {[%emt 0:00:12]} 22. b4 {[%emt 0:02:09]} Bxe4 {[%emt 0:04:34]} 23. Bxe4 {[%emt 0:00:01]} Nxe4 {[%emt 0:00:09]} 24. Rc7 {[%emt 0:00:19]} d5 {[%emt 0:06:08]} 25. Rxb7 {[%emt 0:03:02]} d4 {[%emt 0:01:09]} 26. b5 {[%emt 0:01:32]} Raa8 {[%emt 0:00:06]} 27. a6 {[%emt 0:01:22]} f6 {[%emt 0:13:14]} 28. f3 {[%emt 0:04:01]} Nc3 {[%emt 0:05:36]} 29. a7 {[%emt 0:03:26]} Rfc8 {[%emt 0:03:05]} 30. Bc7 {[%emt 0:04:20]} d3 {[%emt 0:06:40]} 31. Rb8 {[%emt 0:01:38]} d2 {[%emt 0:00:29]} 32. Rxc8+ {[%emt 0:00:28]} Rxc8 {[%emt 0:00:04]} 33. a8=Q {[%emt 0:00:43]} d1=Q+ {[%emt 0:02:55]} 34. Rxd1 {[%emt 0:00:12]} Rxa8 {[%emt 0:00:06]} 35. Rd8+ {Rc8} 1-0

[Event "Gideon Japhet ACP Open 2018"]
[Site "Jerusalem"]
[Date "2018.07.02"]
[Round "2"]
[White "Erenberg, Ariel"]
[Black "Gleizer, Mark"]
[Result "0-1"]
[WhiteElo "2393"]
[BlackElo "2161"]
[Annotator "NA"]
[PlyCount "114"]
[EventDate "2018.07.01"]
[EventType "swiss"]
[EventCountry "ISR"]
[SourceTitle "playchess.com"]
[Source "ChessBase"]
[SourceQuality "1"]
[TimeControl "40/5400+30:1800+30"]

1. d4 {[%emt 0:00:00]} Nf6 {[%emt 0:00:00]} 2. c4 {[%emt 0:00:00]} e6 {[%emt 0:00:00]} 3. Nf3 {[%emt 0:01:15]} b6 {[%emt 0:00:03]} 4. g3 {[%emt 0:00:12]} Ba6 {[%emt 0:00:14]} 5. Qb3 {[%emt 0:01:00]} d5 {[%emt 0:04:22]} 6. cxd5 {[%emt 0:02:42]} Qxd5 {[%emt 0:01:27] E15: Queen's Indian: 4 g3 sidelines, 4 g3 Ba6 and 4 g3 Bb7 early deviations} 7. Qc2 {[%emt 0:09:19]} Nc6 {[%emt 0:22:39]} 8. Nc3 {[%emt 0:01:09] LiveBook: 11 Games} Nb4 {[%emt 0:03:28]} 9. Qd1 {[%emt 0:04:01]} Qf5 {[%emt 0:09:49]} 10. Bg2 {[%emt 0:02:52]} O-O-O $146 {[%emt 0:14:28]} ({Predecessor:} 10... Nc2+ $11 {hält das Gleichgewicht.} 11. Kf1 Nxa1 (11... O-O-O 12. Nh4 Rxd4 13. Qxd4 Nxd4 14. Nxf5 exf5 {0-1 (65) Tregubov,P (2589)-Duda,J (2663) Doha 2015}) 12. Qa4+ Nd7) 11. O-O {[%emt 0:02:49]} Qc2 {[%emt 0:02:19] [#]} 12. a3 {[%emt 0:11:21]} ({Better is} 12. Ne5 $1 $18) 12... Qxd1 {[%emt 0:02:26]} 13. Rxd1 {[%emt 0:01:10]} Nbd5 {[%emt 0:01:46]} 14. Ne5 {[%emt 0:01:27]} Nxc3 {[%emt 0:01:48]} 15. bxc3 {[%emt 0:02:01]} Bxe2 16. Re1 {[%emt 0:00:20]} Bh5 {[%emt 0:02:01]} 17. Nc6 {[%emt 0:00:20]} Bd6 {[%emt 0:06:01]} 18. Nxd8 {[%emt 0:06:05]} Rxd8 {[%emt 0:00:11]} 19. c4 {[%emt 0:00:18]} c5 {[%emt 0:01:37]} 20. d5 {[%emt 0:02:41]} exd5 {[%emt 0:00:09]} 21. cxd5 {[%emt 0:00:02]} Ne8 {[%emt 0:00:47]} 22. Bb2 {[%emt 0:01:29]} Bg4 {[%emt 0:05:05]} 23. Re3 {[%emt 0:02:55]} f6 {[%emt 0:01:29]} 24. h3 {[%emt 0:02:45]} Bd7 {[%emt 0:00:36]} 25. Rc1 {[%emt 0:01:51]} Nc7 {[%emt 0:01:00]} 26. f4 {[%emt 0:01:51]} Ba4 {[%emt 0:02:58]} 27. Be4 {[%emt 0:02:47]} Kb8 {[%emt 0:02:44]} 28. Kf2 {[%emt 0:03:38]} h6 {[%emt 0:02:23]} 29. Kf3 {[%emt 0:01:14]} Be8 {[%emt 0:00:42]} 30. Rd3 {[%emt 0:07:56]} Bf7 {[%emt 0:00:06]} 31. Rcd1 {[%emt 0:00:27]} Rf8 {[%emt 0:01:35]} 32. g4 {[%emt 0:05:39]} Be8 {[%emt 0:01:57]} 33. Bf5 {[%emt 0:03:04]} Bb5 {[%emt 0:00:47]} 34. R3d2 {[%emt 0:05:25]} g5 {[%emt 0:02:33] [#]} (34... Be8 $11) 35. fxg5 $1 {[%emt 0:02:26]} hxg5 {[%emt 0:00:02]} 36. Ke4 {[%emt 0:08:18]} (36. h4 $16) 36... Re8+ {[%emt 0:00:35]} 37. Be6 {[%emt 0:00:15]} Bf4 {[%emt 0:04:00]} 38. Rf2 {[%emt 0:00:46]} Bc4 {[%emt 0:02:42]} 39. Kf5 {[%emt 0:00:51]} Nxe6 {[%emt 0:00:49]} 40. dxe6 {[%emt 0:00:09]} Bxe6+ {[%emt 0:00:30]} 41. Kxf6 {[%emt 0:30:15]} Bc8 $16 {[%emt 0:11:59]} (41... Kc7 $142) 42. Kf7 {[%emt 0:00:00]} Re4 {[%emt 0:05:00]} 43. Rd8 {[%emt 0:00:00]} b5 {[%emt 0:02:14]} 44. Re8 {[%emt 0:00:00]} Rxe8 {[%emt 0:01:54]} 45. Kxe8 {[%emt 0:00:00]} a5 {[%emt 0:00:19]} 46. Rc2 {[%emt 0:00:00]} Be3 {[%emt 0:00:43]} 47. Re2 {[%emt 0:00:00]} Bf4 {[%emt 0:00:15]} 48. Be5+ {[%emt 0:00:00]} Kb7 {[%emt 0:01:18]} 49. Bxf4 {[%emt 0:00:00]} gxf4 {[%emt 0:00:07]} 50. Kd8 {[%emt 0:00:00]} b4 {[%emt 0:03:55]} 51. Re7+ {[%emt 0:00:00]} Kb8 {[%emt 0:02:59]} 52. Rc7 {[%emt 0:02:15]} Ba6 {[%emt 0:00:19]} 53. Rxc5 {[%emt 0:01:02]} b3 {[%emt 0:01:02]} 54. Rc1 {[%emt 0:04:01]} f3 {[%emt 0:00:18]} 55. Rb1 {[%emt 0:01:11]} a4 {[%emt 0:00:26]} 56. Rb2 {[%emt 0:01:14]} Be2 {[%emt 0:00:06]} 57. g5 {[%emt 0:00:07]} f2 {[%emt 0:00:09]} 0-1

[Event "Gideon Japhet ACP Open 2018"]
[Site "Jerusalem"]
[Date "2018.07.02"]
[Round "2"]
[White "Melia, Salome"]
[Black "Naiditsch, Arkadij"]
[Result "0-1"]
[WhiteElo "2392"]
[BlackElo "2697"]
[Annotator "TA"]
[PlyCount "78"]
[EventDate "2018.07.01"]
[EventType "swiss"]
[EventCountry "ISR"]
[SourceTitle "playchess.com"]
[Source "ChessBase"]
[SourceQuality "1"]

{[%evp 21,78,66,76,69,70,52,56,46,48,46,37,0,34,39,50,39,35,36,37,41,102,0,0,0,0,0,0,0,0,10,54,4,11,0,0,-7,17,26,46,56,93,75,91,79,107,31,119,-154,-157,-255,-318,-228,0,-105,-70,-29995,-29996,-29996,-29997]} 1. e4 e5 2. Nf3 Nc6 3. Bc4 Nf6 4. d3 Be7 5. O-O O-O 6. Re1 d6 7. a4 {[%cal Ba2a4,Ba4a5][%mdl 32]} Kh8 8. a5 {C55: Two Knights: 4 d3, 4 d4 exd4 5 e5 and Max Lange Attack} (8. h3 Ng8 9. Nc3 f5 10. Nd5 Nf6 11. Ng5 Nxd5 12. Nxh7 Nf6 13. Nxf6 g6 14. Nd5 f4 15. c3 Kg7 {½-½ (34) Kryvoruchko,Y (2703)-Maghsoodloo,P (2615) Sharjah 2018}) 8... a6 9. c3 {[%cal Bc2c3,Bc3c4,Bc4d5][%mdl 32]} Ng8 10. d4 Bg4 11. d5 Nb8 {LiveBook: 7 Games} 12. Bd3 Nd7 $146 ({Predecessor:} 12... f5 13. exf5 Qc8 14. Nbd2 Bxf5 15. Bxf5 Qxf5 16. Ne4 {½-½ (55) Pucher,S (2232)-Demuth,A (2315) Agneaux 2008}) 13. b4 c6 14. c4 cxd5 15. cxd5 Rc8 16. Bb2 Bg5 17. h3 Bxf3 $1 18. Qxf3 Ne7 19. Qe2 f5 20. Nc3 f4 (20... g6 $14) 21. Qd1 (21. f3 $16) 21... f3 $11 {White must now prevent ...fxg2.} 22. g3 $1 (22. gxf3 $2 Ng6 $17) 22... Ng6 23. Bf1 h5 {[%cal Bh7h5,Bh5h4][%mdl 32]} 24. Ra3 h4 {And now ...hxg3 would win.} 25. g4 Qc7 26. b5 Nc5 27. bxa6 bxa6 28. Na2 Rb8 29. Bc3 Qa7 {next ...Nf4 is good for Black.} 30. Bb4 Rf4 31. Qc2 Rf7 {[%cal Bf4f7,Bf7b7,Bb7b1][%mdl 32]} 32. Rc3 {[%cal Rb4c5]} Rfb7 33. Ba3 (33. Bxc5 $16 dxc5 34. Rxf3) 33... Nf4 ({Better is} 33... Nb3 $14) 34. Rxf3 $2 {[%mdl 8192]} (34. Bxc5 $16 dxc5 35. Rxf3) 34... Nb3 $1 $17 {[%cal Bc5b3,Bb3d4,Bd4f3][%mdl 32] ...Nd4 is the strong threat.} 35. Rc3 (35. Rd1 $17 Nd4 36. Rxd4 $1 {[%mdl 512]} Qxd4 37. Nc1) 35... Nd4 $19 36. Qd1 {[#]} Be7 $2 (36... Rb2 $1 $19 {[%mdl 512]} 37. Bxb2 (37. Bxd6 $2 Nb5 $19) 37... Rxb2) 37. Qa4 (37. Ree3 $1 $11) 37... Rb1 $17 {[%mdl 1024] Black has strong compensation.} 38. Rcc1 $2 {[%mdl 8192]} (38. Rxb1 $15 Rxb1 39. Bc1) 38... Nf3+ 39. Kh1 Qxf2 {Precision: White = 30%, Black = 72%.} 0-1

[Event "Gideon Japhet ACP Open 2018"]
[Site "Jerusalem"]
[Date "2018.07.02"]
[Round "2"]
[White "Veinberg, Nimrod"]
[Black "Yaniv, Yuval"]
[Result "0-1"]
[WhiteElo "2390"]
[BlackElo "2054"]
[Annotator "ChessBase"]
[PlyCount "56"]
[EventDate "2018.07.01"]
[EventType "swiss"]
[EventCountry "ISR"]
[SourceTitle "playchess.com"]
[Source "ChessBase"]
[SourceQuality "1"]
[TimeControl "40/5400+30:1800+30"]

1. d4 {[%emt 0:00:00]} Nf6 {[%emt 0:00:00]} 2. c4 {[%emt 0:00:00]} g6 {[%emt 0:00:00]} 3. Nc3 {[%emt 0:00:04]} Bg7 {[%emt 0:00:00]} 4. e4 {[%emt 0:00:05]} d6 {[%emt 0:00:00]} 5. f3 {[%emt 0:02:57]} O-O {[%emt 0:00:06]} 6. Be3 {[%emt 0:00:14]} Nc6 {[%emt 0:00:07]} 7. Nge2 {[%emt 0:00:47]} a6 {[%emt 0:00:10]} 8. Rc1 {[%emt 0:00:31]} Bd7 {[%emt 0:00:11]} 9. Qd2 {[%emt 0:01:32]} b5 {[%emt 0:00:45]} 10. Nd1 {[%emt 0:01:03]} Ne8 {[%emt 0:04:29]} 11. c5 {[%emt 0:03:33]} f5 {[%emt 0:04:36]} 12. h3 {[%emt 0:16:26]} fxe4 {[%emt 0:06:02]} 13. fxe4 {[%emt 0:00:15]} dxc5 {[%emt 0:06:33]} 14. Rxc5 {[%emt 0:12:11]} Nd6 {[%emt 0:03:34]} 15. Qc2 {[%emt 0:00:57]} Nc4 {[%emt 0:00:22]} 16. Bg5 {[%emt 0:04:40]} Be8 {[%emt 0:09:18]} 17. Rxc6 {[%emt 0:06:51]} Bxc6 {[%emt 0:00:10]} 18. b3 {[%emt 0:00:06]} Bxd4 {[%emt 0:05:30]} 19. Nxd4 {[%emt 0:07:22]} Qxd4 {[%emt 0:01:32]} 20. bxc4 {[%emt 0:00:07]} Rad8 {[%emt 0:05:17]} 21. cxb5 {[%emt 0:06:39]} axb5 {[%emt 0:01:42]} 22. Be2 {[%emt 0:01:21]} Qe5 {[%emt 0:04:35]} 23. Qb3+ {[%emt 0:01:01]} Kh8 {[%emt 0:05:00]} 24. Bd2 {[%emt 0:12:41]} Qxe4 {[%emt 0:03:33]} 25. Qe3 {[%emt 0:00:09]} Rxd2 {[%emt 0:20:03]} 26. Kxd2 {[%emt 0:03:28]} Rd8+ {[%emt 0:02:15]} 27. Kc3 {[%emt 0:02:39]} b4+ {[%emt 0:00:43]} 28. Kb3 {[%emt 0:00:11]} Qb1+ {[%emt 0:02:14]} 0-1

[Event "Gideon Japhet ACP Open 2018"]
[Site "Jerusalem"]
[Date "2018.07.02"]
[Round "2"]
[White "Parkhov, Yair"]
[Black "Lukin, Elisha"]
[Result "1-0"]
[WhiteElo "2364"]
[BlackElo "2016"]
[Annotator "ChessBase"]
[PlyCount "75"]
[EventDate "2018.07.01"]
[EventType "swiss"]
[EventCountry "ISR"]
[SourceTitle "playchess.com"]
[Source "ChessBase"]
[SourceQuality "1"]
[TimeControl "40/5400+30:1800+30"]

1. Nf3 {[%emt 0:00:00]} d5 {[%emt 0:01:51]} 2. g3 {[%emt 0:00:00]} Nf6 {[%emt 0:00:08]} 3. Bg2 {[%emt 0:00:07]} c6 {[%emt 0:00:09]} 4. O-O {[%emt 0:00:07]} Bf5 {[%emt 0:00:11]} 5. d3 {[%emt 0:00:06]} h6 {[%emt 0:00:07]} 6. c4 {[%emt 0:00:09]} e6 {[%emt 0:00:06]} 7. cxd5 {[%emt 0:00:07]} cxd5 {[%emt 0:03:28]} 8. Qb3 {[%emt 0:00:10]} Qb6 {[%emt 0:01:37]} 9. Qxb6 {[%emt 0:00:11]} axb6 {[%emt 0:00:06]} 10. Be3 {[%emt 0:00:08]} Bc5 {[%emt 0:02:10]} 11. Rc1 {[%emt 0:00:10]} Na6 {[%emt 0:01:31]} 12. d4 {[%emt 0:03:39]} Be7 {[%emt 0:02:59]} 13. a3 {[%emt 0:00:43]} b5 {[%emt 0:04:14]} 14. Nbd2 {[%emt 0:25:50]} O-O {[%emt 0:07:27]} 15. Nb3 {[%emt 0:00:15]} b4 {[%emt 0:17:25]} 16. a4 {[%emt 0:01:46]} Rfc8 {[%emt 0:13:39]} 17. Ne1 {[%emt 0:20:35]} Nd7 {[%emt 0:05:57]} 18. a5 {[%emt 0:02:33]} Nc7 {[%emt 0:10:39]} 19. f3 {[%emt 0:03:28]} Nb5 {[%emt 0:05:37]} 20. Bd2 {[%emt 0:02:11]} Rc4 {[%emt 0:07:49]} 21. e4 {[%emt 0:05:02]} Bg6 {[%emt 0:01:22]} 22. Bf1 {[%emt 0:00:45]} Rxc1 {[%emt 0:01:58]} 23. Rxc1 {[%emt 0:01:26]} Nxd4 {[%emt 0:05:39]} 24. Nxd4 {[%emt 0:00:14]} Bc5 {[%emt 0:00:45]} 25. Be3 {[%emt 0:00:20]} dxe4 {[%emt 0:01:07]} 26. fxe4 {[%emt 0:02:08]} Bxe4 {[%emt 0:00:17]} 27. Bb5 {[%emt 0:02:40]} e5 {[%emt 0:02:46]} 28. Bxd7 {[%emt 0:00:39]} Bxd4 {[%emt 0:01:16]} 29. Bxd4 {[%emt 0:00:07]} exd4 {[%emt 0:00:31]} 30. Rc8+ {[%emt 0:00:16]} Rxc8 {[%emt 0:00:31]} 31. Bxc8 {[%emt 0:00:08]} Kf8 {[%emt 0:00:39]} 32. Kf2 {[%emt 0:00:34]} Ke7 {[%emt 0:00:45]} 33. Nf3 {[%emt 0:01:14]} Kd8 {[%emt 0:00:29]} 34. Bh3 {[%emt 0:00:10]} d3 {[%emt 0:00:36]} 35. Nd2 {[%emt 0:00:08]} Bg6 {[%emt 0:00:24]} 36. Ke3 {[%emt 0:00:19]} Kc7 {[%emt 0:00:09]} 37. Bg2 {[%emt 0:00:06]} f6 {[%emt 0:00:27]} 38. Kd4 {[%emt 0:00:18]} 1-0

[Event "Gideon Japhet ACP Open 2018"]
[Site "Jerusalem"]
[Date "2018.07.02"]
[Round "2"]
[White "Birnboim, Nathan"]
[Black "Bagrationi, Alexander"]
[Result "1-0"]
[WhiteElo "2353"]
[BlackElo "2539"]
[Annotator "ChessBase"]
[PlyCount "123"]
[EventDate "2018.07.01"]
[EventType "swiss"]
[EventCountry "ISR"]
[SourceTitle "playchess.com"]
[Source "ChessBase"]
[SourceQuality "1"]
[TimeControl "40/5400+30:1800+30"]

1. d4 {[%emt 0:00:00]} Nf6 {[%emt 0:01:06]} 2. c4 {[%emt 0:00:17]} g6 {[%emt 0:01:32]} 3. g3 {[%emt 0:00:14]} Bg7 {[%emt 0:01:21]} 4. Bg2 {[%emt 0:00:19]} O-O {[%emt 0:00:50]} 5. Nc3 {[%emt 0:00:14]} d6 {[%emt 0:00:17]} 6. Nf3 {[%emt 0:00:14]} Nc6 {[%emt 0:00:41]} 7. O-O {[%emt 0:00:09]} a6 {[%emt 0:01:37]} 8. d5 {[%emt 0:00:09]} Na5 {[%emt 0:01:26]} 9. Nd2 {[%emt 0:00:05]} c5 {[%emt 0:00:18]} 10. Qc2 {[%emt 0:00:09]} Rb8 {[%emt 0:00:45]} 11. b3 {[%emt 0:00:09]} b5 {[%emt 0:01:03]} 12. Bb2 {[%emt 0:00:12]} e5 {[%emt 0:04:06]} 13. dxe6 {[%emt 0:00:12]} Bxe6 {[%emt 0:04:47]} 14. cxb5 {[%emt 0:01:08]} axb5 {[%emt 0:05:50]} 15. Nde4 {[%emt 0:01:08]} b4 {[%emt 0:03:40]} 16. Nxf6+ {[%emt 0:01:09]} Qxf6 {[%emt 0:01:34]} 17. Nd1 {[%emt 0:00:18]} Qf5 {[%emt 0:07:30]} 18. Qxf5 {[%emt 0:06:28]} Bxf5 {[%emt 0:08:17]} 19. Bxg7 {[%emt 0:00:09]} Kxg7 {[%emt 0:00:04]} 20. Ne3 {[%emt 0:00:17]} Be6 {[%emt 0:00:10]} 21. Rfd1 {[%emt 0:04:27]} Rfd8 {[%emt 0:03:11]} 22. Nd5 {[%emt 0:02:45]} Nc6 {[%emt 0:06:35]} 23. e3 {[%emt 0:00:52]} Na7 {[%emt 0:14:42]} 24. Rd2 {[%emt 0:07:58]} Bxd5 {[%emt 0:02:40]} 25. Bxd5 {[%emt 0:00:22]} Nb5 {[%emt 0:00:15]} 26. Rc1 {[%emt 0:00:21]} Rb6 {[%emt 0:02:42]} 27. Bg2 {[%emt 0:12:50]} Nc3 {[%emt 0:02:57]} 28. a3 {[%emt 0:05:04]} d5 {[%emt 0:03:59]} 29. axb4 {[%emt 0:00:14]} cxb4 {[%emt 0:00:02]} 30. Ra1 {[%emt 0:05:34]} Rbd6 {[%emt 0:04:59]} 31. Bf1 {[%emt 0:01:55]} d4 {[%emt 0:00:46]} 32. Rxd4 {[%emt 0:00:46]} Rxd4 {[%emt 0:00:03]} 33. exd4 {[%emt 0:00:05]} Rxd4 {[%emt 0:00:07]} 34. Ra7 {[%emt 0:03:59]} Ne4 {[%emt 0:00:58]} 35. Bc4 {[%emt 0:01:20]} Nd6 {[%emt 0:00:31]} 36. Rd7 {[%emt 0:00:36]} Kf6 {[%emt 0:08:43]} 37. Bxf7 {[%emt 0:01:17]} Rd2 {[%emt 0:01:07]} 38. Bg8 {[%emt 0:01:22]} h6 {[%emt 0:00:26]} 39. Kf1 {[%emt 0:08:54]} Ke5 {[%emt 0:00:47]} 40. Ke1 {[%emt 0:01:30]} Rd4 {[%emt 0:00:25]} 41. f4+ {[%emt 0:38:06]} Kf6 {[%emt 0:08:23]} 42. Ke2 {[%emt 0:00:00]} g5 {[%emt 0:01:34]} 43. fxg5+ {[%emt 0:00:00]} hxg5 {[%emt 0:00:51]} 44. Bc4 {[%emt 0:00:00]} Kf5 {[%emt 0:11:37]} 45. Bd3+ {[%emt 0:00:00]} Kg4 {[%emt 0:06:16]} 46. Rh7 {[%emt 0:03:13]} Rd5 {[%emt 0:01:05]} 47. Rh8 {[%emt 0:05:40]} Ra5 {[%emt 0:02:09]} 48. Ke3 {[%emt 0:05:44]} Ra3 {[%emt 0:01:40]} 49. Rd8 {[%emt 0:01:28]} Nf7 {[%emt 0:03:29]} 50. Rf8 {[%emt 0:03:55]} Ra7 {[%emt 0:00:49]} 51. Kf2 {[%emt 0:01:22]} Kh5 {[%emt 0:02:14]} 52. Rb8 {[%emt 0:00:40]} Kg4 {[%emt 0:01:52]} 53. Rxb4+ {[%emt 0:00:03]} Kh3 {[%emt 0:00:13]} 54. Kg1 {[%emt 0:00:11]} Ra1+ {[%emt 0:01:01]} 55. Bf1+ {[%emt 0:00:06]} Rxf1+ {[%emt 0:00:02]} 56. Kxf1 {[%emt 0:00:09]} Ne5 {[%emt 0:00:18]} 57. Re4 {[%emt 0:01:17]} Nf3 {[%emt 0:00:14]} 58. Kf2 {[%emt 0:03:48]} Nd2 {[%emt 0:00:44]} 59. Rb4 {[%emt 0:01:54]} Kxh2 {[%emt 0:00:04]} 60. Ke2 {[%emt 0:00:55]} Nb1 {[%emt 0:00:13]} 61. Kd3 {[%emt 0:00:34]} Kxg3 {[%emt 0:00:02]} 62. Ra4 {[%emt 0:00:18]} 1-0